Sistema de control supervisor para Central Telex Eltex II

Saved in:
Bibliographic Details
Main Author: Rojas Chavarría, José Freddy
Other Authors: Blanco Infante, Juan Carlos
Format: Book
Published: San José, Costa Rica 1988
Subjects:
Tags: Add Tag
No Tags, Be the first to tag this record!

MARC

LEADER 00000nam a2200000Ia 4500
003 004641
005 20221231144343.0
008 140114s1988 cr a m 000 ||s d
040 |c cru CEDI 
090 |a TFG 2137 
100 |a Rojas Chavarría, José Freddy  |9 8729 
245 |a Sistema de control supervisor para Central Telex Eltex II  
260 |c 1988  |a San José, Costa Rica 
300 |a 2 volúmenes ; 28 cm  
500 |a  Proyecto de graduacion (licenciatura en ingeniería electrica)--Universidad de Costa Rica. Facultad de Ingeniería. Escuela de Ingeniería Eléctrica 
650 |x PROGRAMACION (COMPUTADORAS ELECTRONICAS) - TELECOMUNICACION  |9 13557 
700 |9 13556  |a Blanco Infante, Juan Carlos 
942 |c TFG 
999 |c 20618  |d 20618